| Tag |
First Indicator |
Second Indicator |
Subfields |
| LEADER |
00000cam a2200000 i 4500 |
| 001 |
in00002782907 |
| 005 |
20150922150427.0 |
| 008 |
120501s2012 nyua b 001 0deng |
| 010 |
|
|
|a 2012018080
|
| 020 |
|
|
|a 9780062219893 (hardback)
|
| 020 |
|
|
|a 0062219898 (hardback)
|
| 035 |
|
|
|a (OCoLC)ocn783159223
|
| 040 |
|
|
|a DLC
|e rda
|c DLC
|d UtOrBLW
|
| 049 |
|
|
|a TXAM
|
| 050 |
0 |
0 |
|a PR6060.O497
|b Z46 2012
|
| 082 |
0 |
0 |
|a 823/.914
|a B
|2 23
|
| 100 |
1 |
|
|a Jones, Diana Wynne,
|e author.
|
| 245 |
1 |
0 |
|a Reflections :
|b on the magic of writing /
|c Diana Wynne Jones.
|
| 250 |
|
|
|a First editon.
|
| 264 |
|
1 |
|a New York :
|b Greenwillow Books,
|c 2012.
|
| 300 |
|
|
|a xxx, 368 pages :
|b illustrations ;
|c 22 cm.
|
| 336 |
|
|
|a text
|b txt
|2 rdacontent
|
| 337 |
|
|
|a unmediated
|b n
|2 rdamedia
|
| 338 |
|
|
|a volume
|b nc
|2 rdacarrier
|
| 504 |
|
|
|a Includes bibliographical references and index.
|
| 520 |
|
|
|a This collection of more than twenty-five critical essays, speeches and biographical pieces written and/or chosen by Diana Wynne Jones will be required reading for the author's many fans and for students and teachers of the genre. Reflections includes insightful literary criticism alongside autobiographical anecdotes about reading tours (including an account of the author's famous travel jinx), revelations about the origins of the author's books and thoughts in general about the life of an author and the value of writing. The longest autobiographical piece, "Something About the Author," details Diana's extraordinary childhood and is illustrated with family photographs. Reflections is essential reading for anyone interested in Diana Wynne Jones's work, fantasy or creative writing. With a foreword by Neil Gaiman, introduction and interview by Charlie Butler, bibliography and index.
|
| 600 |
1 |
0 |
|a Jones, Diana Wynne
|x Authorship.
|
| 650 |
|
0 |
|a Children's stories
|x Authorship.
|
| 650 |
|
0 |
|a Fantasy fiction
|x Authorship.
|
| 650 |
|
7 |
|a BIOGRAPHY & AUTOBIOGRAPHY / Literary.
|2 bisacsh
|
| 650 |
|
7 |
|a BIOGRAPHY & AUTOBIOGRAPHY / Women.
|2 bisacsh
|
| 650 |
|
7 |
|a BIOGRAPHY & AUTOBIOGRAPHY / Personal Memoirs.
|2 bisacsh
|
| 945 |
|
|
|a PromptCat
|b 108317
|
| 946 |
|
|
|a stk
|
| 947 |
|
|
|a A14836013884
|
| 948 |
|
|
|a cataloged
|b h
|c 2012/12/3
|d c
|e dmitchel
|f 11:20:10 am
|
| 994 |
|
|
|a 92
|b TXA
|
| 999 |
|
|
|a MARS
|
| 999 |
f |
f |
|s 371ef9d8-60bc-3429-8434-3142a690e449
|i af29a1e7-3c21-301e-9e86-1d7f2a377ae7
|t 0
|
| 952 |
f |
f |
|p normal
|a Texas A&M University
|b College Station
|c Sterling C. Evans Library
|d Evans: Library Stacks
|t 0
|e PR6060.O497 Z46 2012
|h Library of Congress classification
|i unmediated -- volume
|m A14836013884
|
| 998 |
f |
f |
|a PR6060.O497 Z46 2012
|t 0
|l Evans: Library Stacks
|